000
00313nam a2200133Ia 4500
005
20251222144911.0
008
251222s9999||||xx |||||||||||||| ||spa||
020
_a
88-7573-285-X
082
_a
458.34/S38
100
_a
Semplici, Stefania
245
0
_a
Una Lengua in Pretura:
264
_b
Bonacci
942
_c
LIB
999
_c
22362
_d
22362